000 00644nam a2200193 i 4500
001 128492
003 ES-MaACL
005 20251015063129.0
007 t|
008 070514s1946 ag ||||1| spa d
100 1 _aTaine, Hippolyte,
_d1828-1893
_9109085
245 1 3 _aLa Fontaine y sus fábulas /
_cHipólito Taine ; traducción de la séptima edición francesa por M.J. de Sosa.
260 _aBuenos Aires :
_bAméricalee,
_c[1946]
300 _a234 p. ;
_c21 cm.
600 1 4 _aLa Fontaine, Jean de,
_d1621-1695
_969147
700 1 _aSosa, M. J. de.
_9107436
852 _aES-MaACL
_jC-4387
_bR.24216
999 _c128492
_d128492